000
00345nam a2200145 a 4500
005
20140414132136.0
008
131127s19uu xx 00 eng d
050
_a
TR
_b
Wor919 2010
245
_a
Words.
260
_a
China :
_b
Make Believe Ideas Ltd,
_c
c2010.
300
_a
14
440
_a
Mix and match
650
_a
Words-
999
_c
115314
_d
115314